01870nam a2200349 4500003000900000005001700009008004100026017001300067020001800080040004600098041000800144082002800152092000700180099003600187100004500223245028100268264006600549300007800615336002200693337002400715338003300739504010800772546011600880650004800996651001001044856005701054905001301111942001901124999001701143952018001160952018001340EG-GICUC20260121101218.0251113s2009 ua ||||fr|||| 00| 0 ara d a20092143 a9789770459292 a EG-GICUCbarac EG-GICUCd EG-GICUCerda0 aara04221a341.851bع ب . ق04221 aLaw1 12 341.851 ع ب . ق 20090 aعبدالمنعم زمزمeمؤلف.10aقانون التحكيم الإلكترونى :bدراسة مقارنة لقواعد جمعية التحكيم الامريكية وتنظيم محكمة الفضاء فى ضوء المبادئ العامة للتحكيم التقليدى /cعبدالمنعم زمزم. 1aالقاهرة :bدار النهضة العربية،c2009. a478 ؛صفحةc24 سمbإيضاحيات، صور، مثيليات ؛  2rda contentatext 2rda mediaaComputer 2rda carrieraOnline Resource aيحتوي على ارجاعات ببليوجرافية يحتوي على قائمة بالمراجع aالنص أغلبه باللغة العربية بعض النصوص الإنجليزية والفرنسية1 aالتحكيم - قانون دولي2qrmak1 2qrmak40uhttps://fll.law.cu.edu.eg/fulltext/bks/B12-00895.pdf a75eYara 2ddcn0cBKe21 c43075d43075 00102ddc40718القانون الدولي الخاصaCUbLAW1d2025-11-13l0oLaw1 12 341.851 ع ب . ق 2009 1200895 C1pB12-00895r2025-11-13 14:59:00t1w2025-11-13yBK 00102ddc40708القانون الدولي الخاصaCUbLAW1d2025-11-13l0oLaw1 12 341.851 ع ب . ق 2009 1200901 C2pB12-00901r2025-11-13 15:00:22t2w2025-11-13yBK